000 00498nam a2200217Ia 4500
003 OSt
005 20220928143540.0
006 a|||||r|||| 00| 0
007 ta
008 220927b |||||||| |||| 00| 0 eng d
024 _a22562
037 _cTextual
040 _aSDCL
_cSDCL
_beng
041 _2eng
_aeng
082 _aG:12, N1
100 _aPliny
_9505751
245 0 _aNatural history.
260 _c1991
942 _hG:12, N1
_cTEXL
_2CC
999 _c824555
_d824555